World Cup Final Starting 11’s - Statistics

General Stats
  • This quiz has been taken 77 times
  • The average score is 15 of 22
Answer Stats
Hint Answer % Correct
RW Lionel Messi
97%
GK Emiliano Martinez
94%
LW Angel Di Maria
91%
LW Kylian Mbappe
89%
GK Hugo Lloris
83%
RW Ousmane Dembele
80%
ST Olivier Giroud
76%
ST Julian Alvarez
73%
CM Alexis Mac Allister
71%
LB Theo Hernandez
71%
CM Rodrigo De Paul
70%
CM Antoine Griezman
68%
CB Nicolas Otamendi
65%
CB Raphael Varane
65%
CM Aurelien Tchouameni
61%
RB Nahuel Molina
59%
CB Christian Romero
55%
CB Dayot Upamecano
55%
CM Enzo Fernandez
55%
CM Adrien Rabiot
53%
RB Jules Kounde
53%
LB Nicolas Tagliafico
41%
No matching quizzes found
Score Distribution
Percent of People with Each Score
Percentile by Number Answered
Your Score History
You have not taken this quiz